000
00249nam a22001097a 4500
041
_a
eng
080
_a
80
100
_a
Ганшина, К. А.
245
_a
Французско русский словарь.
650
_a
Reference
999
_c
280206
_d
280206
942
_c
BK